[Event "VIII Weekend"]
[Site "Ventimiglia ITA"]
[Date "2012.12.02"]
[Round "4"]
[White "Cardona, Paolo"]
[Black "Arnaudo, Davide"]
[WhiteElo "1818"]
[BlackElo "1693"]
[Result "1-0"]
[PlyCount "49"]
[EventDate "2012.11.30"]

1. c4 e6 2. Nf3 Nf6 3. g3 d5 4. Bg2 c6 5. Qc2 Be7 6. O-O O-O 7. d3 b6 8. Nbd2
Nbd7 9. b3 Bb7 10. Bb2 Rc8 11. e4 dxe4 12. dxe4 Qc7 13. e5 Ng4 14. Rfe1 Rfd8
15. h3 Nh6 16. Rad1 Nf5 17. Ne4 Nb8 18. g4 Nh4 19. Nxh4 Bxh4 20. Nd6 Na6 21.
Nxc8 Rxc8 22. a3 c5 23. Bxb7 Qxb7 24. Qe4 Qe7 25. Re2 1-0

[Event "VIII Weekend"]
[Site "Ventimiglia ITA"]
[Date "2012.12.02"]
[Round "4"]
[White "Galaverni, Marzia"]
[Black "Benvenuti, Cristian"]
[WhiteElo "1481"]
[BlackElo "1644"]
[Result "0-1"]
[PlyCount "90"]
[EventDate "2012.11.30"]

1. b3 e5 2. Bb2 Nc6 3. e3 d5 4. Bb5 Bd6 5. Nf3 Qe7 6. c3 Bd7 7. Be2 Nf6 8. d3
O-O 9. O-O Rfe8 10. Nbd2 Qf8 11. Qc2 a5 12. a3 Nd8 13. Kh1 c5 14. Kg1 Nc6 15.
Kh1 Rac8 16. Ng1 Qe7 17. Ngf3 Kh8 18. Ne1 Rg8 19. Nef3 g5 20. Ne1 Rg7 21. Rg1
g4 22. Nf1 Nh5 23. g3 Qf6 24. Rg2 Nd8 25. Rd1 Ne6 26. f3 Nd8 27. fxg4 Bxg4 28.
Bxg4 Rxg4 29. Qe2 Qf5 30. Rf2 Qe6 31. Nf3 Nf6 32. Nh4 Nc6 33. Nf5 Rg6 34. Nxd6
Qxd6 35. Nd2 Rcg8 36. Rg1 Qe6 37. Qf1 Nd8 38. Nf3 Ng4 39. Re2 Nc6 40. Nh4 Rf6
41. Qg2 Ne7 42. Bc1 Nf5 43. Nxf5 Qxf5 44. Qxd5 Nf2+ 45. Kg2 Qh3# 0-1

[Event "VIII Weekend"]
[Site "Ventimiglia ITA"]
[Date "2012.12.02"]
[Round "4"]
[White "Moschetto, Giuliano"]
[Black "Carrai, Giacomo"]
[WhiteElo "1731"]
[BlackElo "1832"]
[Result "1/2-1/2"]
[PlyCount "25"]
[EventDate "2012.11.30"]

1. d4 Nf6 2. Bf4 d5 3. e3 Bf5 4. Nf3 h6 5. h3 e6 6. c3 c5 7. Bd3 Bxd3 8. Qxd3
Nc6 9. Nbd2 Bd6 10. Bxd6 Qxd6 11. dxc5 Qxc5 12. Nd4 Nxd4 13. exd4 1/2-1/2

[Event "VIII Weekend"]
[Site "Ventimiglia ITA"]
[Date "2012.12.02"]
[Round "4"]
[White "Pineau, Jean"]
[Black "Cai, Roberto"]
[WhiteElo "1435"]
[BlackElo "1491"]
[Result "1-0"]
[PlyCount "93"]
[EventDate "2012.11.30"]

1. e4 e5 2. Nf3 Nc6 3. Bb5 a6 4. Ba4 Nge7 5. Bb3 g6 6. Ng5 d5 7. Qf3 f5 8. exd5
Nxd5 9. Bxd5 Qf6 10. Bxc6+ Qxc6 11. Qxc6+ bxc6 12. Nf3 Bd6 13. d3 Rb8 14. b3
Kf7 15. O-O Re8 16. Bb2 h6 17. Nbd2 g5 18. Nc4 Kg8 19. Nfxe5 Bc5 20. Rfe1 Rf8
21. d4 Bd6 22. Nxc6 Ra8 23. Nxd6 cxd6 24. d5 Bd7 25. Re7 Rf7 26. Rxf7 Kxf7 27.
Nd4 Re8 28. Kf1 f4 29. Ba3 Bc8 30. Re1 Rd8 31. Ne6 Rd7 32. c4 a5 33. Bb2 Ba6
34. Kg1 a4 35. Bg7 axb3 36. axb3 Bc8 37. Bxh6 Ra7 38. Bxg5 f3 39. gxf3 Ra3 40.
Re3 Bd7 41. Nf4 Bc8 42. Re7+ Kf8 43. Ng6+ Kg8 44. Bh6 Ra1+ 45. Kg2 Rg1+ 46.
Kxg1 Bd7 47. Rg7# 1-0

[Event "VIII Weekend"]
[Site "Ventimiglia ITA"]
[Date "2012.12.02"]
[Round "4"]
[White "Stoppa, Omar"]
[Black "Rossetti, Matteo"]
[WhiteElo "2298"]
[BlackElo "1620"]
[Result "1-0"]
[PlyCount "77"]
[EventDate "2012.11.30"]

1. e4 d6 2. g3 Nf6 3. Bg2 e5 4. Ne2 Nc6 5. c3 d5 6. exd5 Nxd5 7. O-O Bc5 8. d4
exd4 9. Nxd4 Nxd4 10. cxd4 Bb6 11. Nc3 Be6 12. Ne4 O-O 13. Ng5 Bf5 14. Qf3 Ne7
15. Be3 c6 16. g4 Bd3 17. Rfd1 Bc4 18. Qh3 h6 19. Ne4 Bd5 20. g5 Qc8 21. Qxc8
Raxc8 22. gxh6 g6 23. Nf6+ Kh8 24. Bh3 Rcd8 25. Bf4 Be6 26. Bxe6 fxe6 27. Be5
Rf7 28. Ne4+ Kg8 29. Ng5 Rh7 30. Nxh7 Kxh7 31. Bf6 Rd7 32. Bxe7 Rxe7 33. a4
Kxh6 34. a5 Bc7 35. a6 b6 36. Rac1 c5 37. dxc5 bxc5 38. Rxc5 Bb6 39. Rc6 1-0

[Event "VIII Weekend"]
[Site "Ventimiglia ITA"]
[Date "2012.12.02"]
[Round "5"]
[White "Arnaudo, Davide"]
[Black "Pineau, Jean"]
[WhiteElo "1693"]
[BlackElo "1435"]
[Result "1/2-1/2"]
[PlyCount "142"]
[EventDate "2012.11.30"]

1. e4 c5 2. Nf3 e6 3. d4 cxd4 4. Nxd4 Nf6 5. Nc3 Nc6 6. Be3 Bb4 7. f3 d5 8. Bb5
Bd7 9. Nxc6 bxc6 10. Bd3 e5 11. a3 Be7 12. Bf2 d4 13. Ne2 O-O 14. O-O c5 15. f4
exf4 16. Nxf4 Ng4 17. Nd5 Bg5 18. Bg3 Ne3 19. Nxe3 Bxe3+ 20. Kh1 a5 21. Qh5 Qg5
22. Qxg5 Bxg5 23. Bd6 Rfc8 24. Bc4 Be6 25. Bxe6 fxe6 26. Rf3 Ra7 27. Raf1 Raa8
28. Rf7 Bf6 29. Rb7 e5 30. Rf5 c4 31. Bxe5 Bxe5 32. Rxe5 Rf8 33. Kg1 Rae8 34.
Rbb5 d3 35. cxd3 cxd3 36. Rxe8 Rxe8 37. Rd5 Rxe4 38. Rxd3 Re2 39. Rb3 Re5 40.
Kf2 Kf7 41. Kf3 g5 42. g3 h5 43. g4 h4 44. h3 Kf6 45. Rb6+ Kf7 46. b4 axb4 47.
axb4 Re1 48. Rb7+ Kg6 49. b5 Rb1 50. Ke4 Rb3 51. Rb6+ Kg7 52. Kf5 Rxh3 53. Kxg5
Rh1 54. Rb7+ Kf8 55. Rh7 h3 56. b6 Rb1 57. Rxh3 Rxb6 58. Rh7 Kg8 59. Rc7 Ra6
60. Kh5 Rb6 61. g5 Ra6 62. g6 Ra1 63. Rc4 Rh1+ 64. Rh4 Rxh4+ 65. Kxh4 Kg7 66.
Kg5 Kg8 67. Kh6 Kh8 68. Kg5 Kg7 69. Kf5 Kg8 70. Kf6 Kf8 71. g7+ Kg8 1/2-1/2

[Event "VIII Weekend"]
[Site "Ventimiglia ITA"]
[Date "2012.12.02"]
[Round "5"]
[White "Benvenuti, Cristian"]
[Black "Ballestra, Giovanni"]
[WhiteElo "1644"]
[BlackElo "1852"]
[Result "1/2-1/2"]
[PlyCount "74"]
[EventDate "2012.11.30"]

1. e4 e5 2. Nf3 Nc6 3. Bc4 Nf6 4. d3 Be7 5. c3 d6 6. Bb3 Bg4 7. Nbd2 O-O 8. Nf1
Na5 9. Bc2 c5 10. h3 Bd7 11. Ng3 Nc6 12. Qe2 b5 13. O-O a5 14. Nh4 Re8 15. Nhf5
Bxf5 16. Nxf5 Bf8 17. Qf3 Kh8 18. Bg5 Qd7 19. Bxf6 gxf6 20. Qh5 Nd8 21. Bb3 Ne6
22. Bd5 Ra7 23. g3 Ng7 24. Nxg7 Bxg7 25. f4 exf4 26. Rxf4 Re5 27. Rf5 Qe7 28.
Raf1 Qf8 29. R1f4 Rxf5 30. Qxf5 Re7 31. Rh4 h6 32. Qh5 Re5 33. Qxf7 Qxf7 34.
Bxf7 f5 35. Bd5 fxe4 36. dxe4 Rg5 37. Kf2 Be5 1/2-1/2

[Event "VIII Weekend"]
[Site "Ventimiglia ITA"]
[Date "2012.12.02"]
[Round "5"]
[White "Cai, Roberto"]
[Black "Lo Dico, Angela"]
[WhiteElo "1491"]
[BlackElo "1645"]
[Result "1-0"]
[PlyCount "89"]
[EventDate "2012.11.30"]

1. e4 d6 2. d4 e6 3. Nf3 Be7 4. Nc3 Nf6 5. h3 O-O 6. Be3 a6 7. Bd3 b5 8. O-O h6
9. Qd2 Nh7 10. Ne2 Nd7 11. Ng3 Bb7 12. c3 f5 13. exf5 Bxf3 14. gxf3 exf5 15.
Nxf5 Bg5 16. Kh2 Bxe3 17. fxe3 Rf6 18. Rg1 g5 19. Raf1 c5 20. f4 Kh8 21. e4 c4
22. Bc2 Qf8 23. e5 dxe5 24. fxe5 Qb8 25. Nd6 Rxd6 26. exd6 Qxd6+ 27. Kh1 Nhf6
28. Rf2 Rf8 29. Qe2 Kg7 30. Re1 Qd5+ 31. Kg1 Re8 32. Qf1 Rxe1 33. Qxe1 Qd6 34.
Bf5 Nb6 35. Qe5 Qd8 36. Re2 Nbd5 37. Rf2 Nf4 38. Rxf4 gxf4 39. Qxf4 Qf8 40. Qe5
h5 41. d5 Kh6 42. d6 Qg7+ 43. Kf2 Qg5 44. Kf3 h4 45. Qf4 1-0

[Event "VIII Weekend"]
[Site "Ventimiglia ITA"]
[Date "2012.12.02"]
[Round "5"]
[White "Cardona, Paolo"]
[Black "Blengino, Cristiano"]
[WhiteElo "1818"]
[BlackElo "1909"]
[Result "0-1"]
[PlyCount "114"]
[EventDate "2012.11.30"]

1. c4 e5 2. Nc3 Nf6 3. g3 d5 4. cxd5 Nxd5 5. Bg2 Nb6 6. Nf3 Nc6 7. O-O Be7 8.
a3 O-O 9. d3 Be6 10. Be3 Nd5 11. Nxd5 Bxd5 12. Rc1 f6 13. Bc5 Re8 14. Qa4 a6
15. Bxe7 Nxe7 16. Rfd1 Bc6 17. Qc4+ Qd5 18. Qxd5+ Nxd5 19. Nd2 Ne7 20. Bxc6
Nxc6 21. Nb3 Re7 22. Rd2 Nd4 23. Nxd4 exd4 24. Rc4 Rd8 25. Rdc2 c6 26. b4 Rd5
27. Kf1 Kf7 28. Rc5 Red7 29. Kg2 Ke6 30. g4 Rxc5 31. Rxc5 Rd5 32. Rc4 g5 33.
Kg3 Ke5 34. Kf3 a5 35. e3 dxe3 36. Kxe3 axb4 37. axb4 Kd6 38. d4 Ke6 39. Rc2
Rb5 40. Rb2 Kd5 41. Kd3 h6 42. f3 Rb6 43. Rb3 Ra6 44. b5 Ra4 45. bxc6 Rxd4+ 46.
Ke3 bxc6 47. Rb8 Kc4 48. Rh8 Rd6 49. Rxh6 Re6+ 50. Kd2 Kd5 51. h4 gxh4 52. Rxh4
c5 53. Rh5+ Kd4 54. Rh6 Kd5 55. g5 Ke5 56. Ke3 fxg5 57. Rg6 Rxg6 0-1

[Event "VIII Weekend"]
[Site "Ventimiglia ITA"]
[Date "2012.12.02"]
[Round "5"]
[White "Carrai, Giacomo"]
[Black "Rossi Cassani, Gianni"]
[WhiteElo "1832"]
[BlackElo "1750"]
[Result "1/2-1/2"]
[PlyCount "38"]
[EventDate "2012.11.30"]

1. Nf3 c5 2. c4 Nf6 3. Nc3 Nc6 4. g3 g6 5. Bg2 Bg7 6. O-O O-O 7. d4 cxd4 8.
Nxd4 Ng4 9. e3 d6 10. b3 Bd7 11. Bb2 f5 12. Qd2 Nf6 13. Rac1 a6 14. Rfd1 Rb8
15. Ba1 Nxd4 16. exd4 e6 17. Ne2 Ne4 18. Qe1 d5 19. f3 Nf6 1/2-1/2

[Event "VIII Weekend"]
[Site "Ventimiglia ITA"]
[Date "2012.12.02"]
[Round "5"]
[White "Gorbounova, Natalia"]
[Black "Bonino, Silvano"]
[WhiteElo "1419"]
[BlackElo "1505"]
[Result "1-0"]
[PlyCount "40"]
[EventDate "2012.11.30"]

1. e4 d6 2. Nf3 Nf6 3. d3 g6 4. c3 Bg7 5. Be2 O-O 6. O-O Nc6 7. Re1 e5 8. Bg5
h6 9. Bh4 g5 10. Bg3 Nh5 11. Nbd2 Nxg3 12. fxg3 Bg4 13. Nf1 f5 14. Ne3 Bxf3 15.
gxf3 fxe4 16. dxe4 Ne7 17. Qb3+ Rf7 18. Bc4 d5 19. Nxd5 Kf8 20. Nxe7 Rxf3 1-0

[Event "VIII Weekend"]
[Site "Ventimiglia ITA"]
[Date "2012.12.02"]
[Round "5"]
[White "Rossetti, Matteo"]
[Black "Moschetto, Giuliano"]
[WhiteElo "1620"]
[BlackElo "1731"]
[Result "1-0"]
[PlyCount "61"]
[EventDate "2012.11.30"]

1. e4 e5 2. Nf3 Nc6 3. Bc4 Bc5 4. c3 Qe7 5. Bb3 d6 6. d3 Be6 7. Bc2 Bg4 8. Nbd2
O-O-O 9. b4 Bb6 10. a4 a6 11. Nc4 d5 12. Nxb6+ cxb6 13. Qe2 d4 14. b5 axb5 15.
axb5 Na5 16. c4 Qc7 17. O-O Kd7 18. Nxe5+ Qxe5 19. Qxg4+ Ke8 20. Bf4 Nh6 21.
Bxe5 Nxg4 22. Bc7 Rc8 23. Bxb6 Nxc4 24. dxc4 Kd7 25. Bb3 Rhe8 26. h3 Ne5 27.
Bxd4 Nxc4 28. Bxg7 Rxe4 29. Rfd1+ Ke7 30. Rac1 Nb2 31. Bxb2 1-0

[Event "VIII Weekend"]
[Site "Ventimiglia ITA"]
[Date "2012.12.02"]
[Round "5"]
[White "Tortorella, Giancarlo"]
[Black "Stoppa, Omar"]
[WhiteElo "1899"]
[BlackElo "2298"]
[Result "0-1"]
[PlyCount "57"]
[EventDate "2012.11.30"]

1. e4 e6 2. d3 d5 3. Nd2 Nf6 4. c3 Bc5 5. e5 Nfd7 6. d4 Be7 7. Ngf3 c5 8. Bd3
Nc6 9. Bb1 Qb6 10. Nb3 cxd4 11. cxd4 a5 12. a4 Bb4+ 13. Kf1 Ne7 14. g3 Qc7 15.
Kg2 Nb6 16. Ng5 h6 17. Nf3 Bd7 18. Nbd2 Rc8 19. Bd3 Nf5 20. g4 Ne7 21. Re1 Ng6
22. Kg3 h5 23. Bxg6 fxg6 24. Nh4 Qc2 25. Qxc2 Rxc2 26. Re2 Kf7 27. b3 Rhc8 28.
Nc4 R8xc4 29. bxc4 0-1